Deep-well records, (Record no. 27316)

MARC details
000 -LEADER
fixed length control field 00891cam a22002411 4500
001 - CONTROL NUMBER
control field gs 37000002
003 - CONTROL NUMBER IDENTIFIER
control field DLC
005 - DATE AND TIME OF LATEST TRANSACTION
control field 20260227111341.0
008 - FIXED-LENGTH DATA ELEMENTS--GENERAL INFORMATION
fixed length control field 750724s1936 wvub s000 0 eng c
010 ## - LIBRARY OF CONGRESS CONTROL NUMBER
LC control number gs 37000002
035 ## - SYSTEM CONTROL NUMBER
System control number (OCoLC)1472689
040 ## - CATALOGING SOURCE
Original cataloging agency U. S. Geol. survey. Library
Transcribing agency NhD
Modifying agency OCoLC
-- DLC
042 ## - AUTHENTICATION CODE
Authentication code premarc
050 00 - LIBRARY OF CONGRESS CALL NUMBER
Classification number TN872.W4
Item number T8
100 1# - MAIN ENTRY--PERSONAL NAME
Personal name Tucker, Rietz Courtney.
245 10 - TITLE STATEMENT
Title Deep-well records,
Statement of responsibility, etc. by Rietz C. Tucker, assistant state geologist, 1936. Paul H. Price, state geologist.
260 ## - PUBLICATION, DISTRIBUTION, ETC.
Place of publication, distribution, etc. [Huntington, W. Va., Gentry bros, printing co.,
Date of publication, distribution, etc. 1936]
300 ## - PHYSICAL DESCRIPTION
Extent xvi, 560 p.
Other physical details front., 2 fold. maps (in pocket)
Dimensions 24 cm.
410 20 - SERIES STATEMENT/ADDED ENTRY--CORPORATE NAME [OBSOLETE, CAN/MARC], [LOCAL, USA]
Corporate name or jurisdiction name as entry element West Virginia Geological and Economic Survey
Title of a work [Reports.
Volume number/sequential designation vol. VII]
500 ## - GENERAL NOTE
General note At head of title: West Virginia. Geological survey.
650 #0 - SUBJECT ADDED ENTRY--TOPICAL TERM
Topical term or geographic name entry element Petroleum
Geographic subdivision West Virginia.
650 #0 - SUBJECT ADDED ENTRY--TOPICAL TERM
Topical term or geographic name entry element Natural gas
Geographic subdivision West Virginia.

No items available.

Powered by Koha